| 000 | 00540nam a2200193Ia 4500 | ||
|---|---|---|---|
| 003 | IN-BaIIA | ||
| 008 | 211028s9999 xx 000 0 eng d | ||
| 040 | _cIIA Library | ||
| 080 |
_a535.33 _bING |
||
| 100 |
_aIngram, D J E _92995 |
||
| 245 | 0 |
_aSpectroscopy at radio and microwave frequencies _cD. J. E. Ingram |
|
| 260 |
_aLondon _bButterworths _c1955 |
||
| 300 | _axii, 332p. | ||
| 650 |
_aMicrowave Spectroscopy _92765 |
||
| 650 | _aNASA Thesaurus | ||
| 650 |
_aRadio Frequencies _92996 |
||
| 650 |
_aSpectroscopy _91535 |
||
| 942 | _cBK | ||
| 999 |
_c1475 _d1475 |
||